Paseos coloniales /

Na minha lista:
Detalhes bibliográficos
Autor principal: Toussaint, Manuel (autor)
Outros Autores: Fernández, Justino (advertencia) (advertencia)
Formato: Livro
Idioma:espanhol
Publicado em: México : UNAM, Instituto de Investigaciones Estéticas, 1962, c1962
Edição:2a edición
Assuntos:
Tags: Adicionar Tag
Sem tags, seja o primeiro a adicionar uma tag!

MARC

LEADER 00000nam^a2200000^a^4500
001 000125298
005 20250521000000.0
009 20260310094646.792
037 |a Acervo ITESO - Biblioteca 
041 |a ESP 
082 |a 720. 97203  |b TOU 
100 |a Toussaint, Manuel  |e (autor) 
240 1 1 |a [Paseos coloniales] 
245 1 0 |a Paseos coloniales /  |c M. Toussaint ; advertencia de J. Fernández. 
250 |a 2a edición 
264 4 |a México :  |b UNAM, Instituto de Investigaciones Estéticas,  |c 1962, c1962 
300 |a 162, [142] p. 
336 |a texto  |b txt  |2 rdacontenido 
337 |a sin mediación  |b n  |2 rdamedio 
338 |a volumen  |b nc  |2 rdasoporte 
649 |a XX 
650 |a Arquitectura Virreinal -  |z México -  |x Tema Principal 
650 |a Arquitectura Virreinal -  |z México -  |x Historia y Crítica 
650 |a Arquitectura Renacentista -  |z México -  |x Historia y Crítica 
650 |a Arquitectura Barroca -  |z México -  |x Historia y Crítica 
650 |a Arquitectura Mexicana -  |x Historia y Crítica 
650 |a Arte Virreinal -  |z México -  |x Historia y Crítica 
650 |a Arte Renacentista -  |z México -  |x Historia y Crítica 
650 |a Arte Barroco -  |z México -  |x Historia y Crítica 
650 |a Arte Mexicano -  |x Historia y Crítica 
650 |a México -  |x Historia -  |y Epoca Colonial, 1517-1821 
700 |a Fernández, Justino  |e (advertencia) 
910 |a Fondo Salvador Reynoso Reynoso 
920 |a Impresos - Libros 
930 |a Fondos Especiales 
905 |a 112 
901 |a 0800008097  |b IT2  |c ESP  |u 20250521 
901 |a 0800008184  |b IT2  |c ESP  |u 20250521 
902 |a https://opac.biblio.iteso.mx/vufind/Record/000125298